Loading...
Fine Arts - Other Fine Arts | 0 | 4 | 0 | 0 | 40 | 42 | 90.50 | 2 | 3 |
Science - Biology | 0 | 3 | 1 | 0 | 25 | 36 | 72.67 | 2 | 3 |
Literature - World Literature | 0 | 3 | 1 | 2 | 25 | 132 | 137.33 | 0 | 3 |
History - World History | 0 | 2 | 0 | 1 | 20 | 91 | 109.00 | 0 | 1 |
Science - Other Science | 0 | 2 | 1 | 0 | 15 | 81 | 90.00 | 2 | 2 |
History - Other History | 0 | 2 | 1 | 1 | 15 | 89 | 115.00 | 0 | 1 |
Mythology | 0 | 1 | 0 | 0 | 10 | 114 | 114.00 | 0 | 0 |
Literature - British Literature | 0 | 1 | 0 | 0 | 10 | 144 | 144.00 | 0 | 0 |
Literature - European Literature | 0 | 1 | 0 | 0 | 10 | 124 | 124.00 | 0 | 0 |
Pop Culture | 0 | 1 | 0 | 0 | 10 | 57 | 57.00 | 1 | 1 |
Science - Physics | 0 | 1 | 1 | 0 | 5 | 129 | 129.00 | 0 | 0 |
Philosophy | 0 | 0 | 0 | 0 | 0 | 0.00 | 0 | 0 | |
Fine Arts - Painting and Sculpture | 0 | 1 | 2 | 0 | 0 | 122 | 122.00 | 0 | 0 |
Social Science | 0 | 0 | 0 | 0 | 0 | 0.00 | 0 | 0 | |
History - European History | 0 | 0 | 1 | 0 | -5 | 0.00 | 0 | 0 | |
Science - Chemistry | 0 | 0 | 1 | 0 | -5 | 0.00 | 0 | 0 | |
Other Academic | 0 | 0 | 1 | 0 | -5 | 0.00 | 0 | 0 | |
History - American History | 0 | 0 | 3 | 0 | -15 | 0.00 | 0 | 0 |